Η μαγική κότα

Αποθηκεύτηκε σε:
Λεπτομέρειες βιβλιογραφικής εγγραφής
Κύριος συγγραφέας: Pogorelskii, Antonii, 1787-1836
Άλλοι συγγραφείς: Αγγελίδου, Μαρία 1957- (trlf)
Μορφή: Βιβλίο
Γλώσσα:Greek
German
Δημοσίευση: Αθήνα : Παπαδόπουλος, c2002.
Θέματα:
Ετικέτες: Προσθήκη ετικέτας
Δεν υπάρχουν, Καταχωρήστε ετικέτα πρώτοι!

MARC

LEADER 00000nam a2200000 a 4500
001 1/127399
008 231004t2002####gr | ||| |||| ||gre||
020 |a 9604121685 
040 |a GR-MyUa  |b gre  |c GR-MyUa  |e AACR2 
041 1 |a gre  |h ger 
082 7 |a 808.0683  |2 (23) 
100 1 |a Pogorelskii, Antonii,   |d 1787-1836. 
245 1 2 |a Η μαγική κότα /   |c Άντονι Πογκορέλσκι ; εικονογράφηση Γκενάντι Σπίριν ; μετάφραση Μαρία Αγγελίδου.  
260 |a Αθήνα :   |b Παπαδόπουλος,   |c c2002.  
300 |a [24] σ. :   |b έγχρ. εικ. ;   |c 31 εκ.  
500 |a Τίτλος πρωτοτύπου: Die Kleine Schwarze Henne.  
650 0 |a Young adult fiction. 
650 0 |a Young adult literature. 
650 0 |a Fairy tales. 
650 0 |a Children's literature. 
700 1 |a Αγγελίδου, Μαρία  |d 1957-  |e trlf 
852 |a INST  |b SAMOS  |e 20231003  |h 808.0683 POG  |p 005300047733  |q 005300047733  |t BK  |y 0 
970 |a Φιλιππή  |b Φάλη  |z 04-10-2023